| 000 | 00590cam a22002411a 4500 | ||
|---|---|---|---|
| 999 |
_c7692 _d7692 |
||
| 001 | 7692 | ||
| 003 | BD-JhCC | ||
| 005 | 20180222140427.0 | ||
| 008 | 901119s1925 enk 000 0 eng d | ||
| 035 | _a(BD-JhCC) | ||
| 035 | _a2055282 | ||
| 040 |
_aANL _cANL _dBD-JhCC |
||
| 041 | _aeng | ||
| 082 |
_a579.3 _bBOR 1952 |
||
| 100 | 1 | _aBrowning, C. H. | |
| 245 | 1 | 0 |
_aBacteriology / _cC. H. Browning, |
| 260 |
_aLondon, _c1925. |
||
| 300 |
_a416 p. : _c22cm. |
||
| 490 | 0 | _aHome university library of modern knowledge | |
| 650 | _aBacteriology. | ||
| 942 |
_2ddc _cBK |
||